| 000 | 01050cam a22002894a 4500 | ||
|---|---|---|---|
| 001 | 2631614 | ||
| 005 | 20171214080828.0 | ||
| 008 | 990622s1999 inu b 000 0 eng | ||
| 010 | _a 99037711 | ||
| 020 | _a0268023506 (cloth : alk. paper) | ||
| 020 | _a0268023522 (pbk.) | ||
| 040 |
_aDLC _cDLC _dDLC |
||
| 041 | 1 | _aeng | |
| 042 | _apcc | ||
| 043 | _ae------ | ||
| 080 | _a305.23 DAN | ||
| 082 | 0 | 0 |
_a305.23 DAN _221 |
| 100 | 2 | _a37 | |
| 101 | _aSOC | ||
| 240 | 1 | 0 |
_aEnfants au Moyen Age. _lEnglish |
| 245 | 1 | 0 |
_aChildren in the Middle Ages : _cby Danièle Alexandre-Bidon, Didier Lett ; préface de Pierre Riché ; translation by Jody Gladding. |
| 504 | _aIncludes bibliographical references (p. 157-158) and index. | ||
| 906 |
_a7 _bcbc _corignew _d1 _eocip _f19 _gy-gencatlg |
||
| 942 |
_2ddc _cBK |
||
| 999 |
_c38951 _d38951 |
||